[Event "DEN-ch sf5"]
[Site "Svendborg"]
[Date "2024.03.29"]
[Round "4"]
[White "Moller, Henrik Allan"]
[Black "Pedersen, Kim Michael"]
[Result "0-1"]
[WhiteElo "1686"]
[BlackElo "1801"]
[PlyCount "60"]
[EventDate "2024.03.29"]
[EventType "swiss"]
[EventRounds "7"]
[EventCountry "DEN"]
[SourceTitle "CB16_2024"]
[SourceDate "2024.04.17"]
[SourceVersion "1"]
[SourceVersionDate "2024.04.17"]
[SourceQuality "1"]

1. Nf3 Nf6 2. c4 g6 3. d4 d5 4. Nc3 c6 5. e3 Bg7 6. cxd5 Nxd5 7. Nxd5 Qxd5 8. Bd2 Nd7 9. Bc3 Nf6 10. Bd3 0-0 11. h3 Rd8 12. Qe2 Ne4 13. Bb4 Be6 14. Qc2 Ng5 15. Be2 Rd7 16. h4 Ne4 17. b3 b5 18. Rc1 a5 19. Bc5 Bf5 20. Bd3 e5 21. h5 Re8 22. Nh4 exd4 23. Nxf5 gxf5 24. 0-0 dxe3 25. Bxe4 exf2+ 26. Bxf2 fxe4 27. Rfd1 Qe6 28. Be3 Rd3 29. Rxd3 exd3 30. Qxd3 Qxe3+ 0-1

[Event "DEN-ch sf5"]
[Site "Svendborg"]
[Date "2024.03.29"]
[Round "1"]
[White "Pedersen, Kim Michael"]
[Black "Silcowitz, Magnus"]
[Result "1-0"]
[WhiteElo "1801"]
[BlackElo "1675"]
[PlyCount "59"]
[EventDate "2024.03.29"]
[EventType "swiss"]
[EventRounds "7"]
[EventCountry "DEN"]
[SourceTitle "CB16_2024"]
[SourceDate "2024.04.17"]
[SourceVersion "1"]
[SourceVersionDate "2024.04.17"]
[SourceQuality "1"]

1. d4 d5 2. Bf4 Nf6 3. e3 Bf5 4. c3 e6 5. Nf3 h6 6. Ne5 Nbd7 7. Bb5 c6 8. Be2 Be7 9. Nd2 Nxe5 10. Bxe5 0-0 11. 0-0 Rc8 12. c4 dxc4 13. Nxc4 c5 14. Qb3 Qd7 15. Rad1 b5 16. Na3 c4 17. Qxb5 Bxa3 18. Qxd7 Nxd7 19. bxa3 Nb6 20. Bd6 Rfd8 21. Bb4 c3 22. f3 c2 23. Rc1 Bg6 24. Ba6 Rc7 25. Bc5 Na4 26. Bb4 Rd5 27. Rf2 Nc3 28. e4 Rxd4 29. Rfxc2 Ne2+ 30. Bxe2 1-0

[Event "DEN-ch G5-1 Gr2"]
[Site "Svendborg"]
[Date "2023.04.05"]
[Round "4"]
[White "Pedersen, Kim Michael"]
[Black "Danielsen, Johnni Hjort"]
[Result "1-0"]
[WhiteElo "1631"]
[BlackElo "1631"]
[PlyCount "55"]
[EventDate "2023.04.05"]
[EventType "swiss"]
[EventRounds "5"]
[EventCountry "DEN"]
[SourceTitle "CBM 213 Extra"]
[Source "ChessBase"]
[SourceDate "2023.05.31"]
[SourceVersion "1"]
[SourceVersionDate "2023.05.31"]
[SourceQuality "1"]

1. d4 Nf6 2. Bf4 e6 3. e3 d5 4. c3 c5 5. Nf3 Nc6 6. Bd3 Qb6 7. Na3 Qxb2 8. Nb5 c4 9. Rb1 Qxa2 10. Nc7+ Kd8 11. Bc2 Qa3 12. 0-0 Rb8 13. Nb5 Qe7 14. Bxb8 Nxb8 15. Nxa7 Qc7 16. Nb5 Qe7 17. Ra1 Nbd7 18. Na7 e5 19. Nxc8 Kxc8 20. e4 Nxe4 21. Bxe4 dxe4 22. Nxe5 Nxe5 23. dxe5 Qxe5 24. Ra8+ Kc7 25. Qd8+ Kc6 26. Rc8+ Kb5 27. Rb1+ Ka4 28. Ra8+ 1-0

[Event "Koge Lang Jubilee Weekend Gr-3"]
[Site "Koge"]
[Date "2022.07.08"]
[Round "6"]
[White "Pedersen, Kim Michael"]
[Black "Nielsen, Jorgen Kamp"]
[Result "1-0"]
[WhiteElo "1719"]
[BlackElo "1685"]
[PlyCount "65"]
[EventDate "2022.07.06"]
[EventType "tourn"]
[EventRounds "9"]
[EventCountry "DEN"]
[SourceTitle "EXT 2024"]
[Source "ChessBase"]
[SourceDate "2023.10.10"]
[SourceVersion "1"]
[SourceVersionDate "2023.10.10"]
[SourceQuality "1"]

1. d4 Nf6 2. Bf4 g6 3. e3 Bg7 4. Nd2 d6 5. h3 0-0 6. Ngf3 Nc6 7. c3 Nd7 8. Be2 e5 9. dxe5 Ndxe5 10. 0-0 Re8 11. Qa4 Bd7 12. Qb3 Qc8 13. Rfd1 a5 14. Nd4 b6 15. N2f3 Nb8 16. Rd2 Na6 17. Qd1 Nc5 18. Qc2 Qb7 19. Bxe5 dxe5 20. Nb3 Nxb3 21. Qxb3 a4 22. Qd1 Bc6 23. Qf1 Bxf3 24. Bxf3 e4 25. Be2 a3 26. Qc1 axb2 27. Qxb2 Re5 28. Bc4 Rea5 29. Qb3 Ra3 30. Bxf7+ Kf8 31. Qe6 Bxc3 32. Rd7 Bxa1 33. Bxg6 1-0

[Event "Koge Lang Jubilee Weekend Gr-3"]
[Site "Koge"]
[Date "2022.07.07"]
[Round "3"]
[White "Pedersen, Kim Michael"]
[Black "Nielsen, Kai Gylling"]
[Result "1/2-1/2"]
[WhiteElo "1719"]
[BlackElo "1735"]
[PlyCount "80"]
[EventDate "2022.07.06"]
[EventType "tourn"]
[EventRounds "9"]
[EventCountry "DEN"]
[SourceTitle "EXT 2024"]
[Source "ChessBase"]
[SourceDate "2023.10.10"]
[SourceVersion "1"]
[SourceVersionDate "2023.10.10"]
[SourceQuality "1"]

1. d4 c5 2. dxc5 e6 3. Bf4 Qa5+ 4. c3 Qxc5 5. e3 Nf6 6. Nd2 Nc6 7. Nb3 Qb6 8. Nf3 d5 9. Bd3 Nh5 10. Bg5 h6 11. Bh4 e5 12. Nfd2 g6 13. Be2 Ng7 14. e4 Be6 15. exd5 Bxd5 16. 0-0 g5 17. Bg3 0-0-0 18. Kh1 h5 19. f3 h4 20. Bf2 Qc7 21. Qc2 h3 22. g3 g4 23. Rfe1 f5 24. c4 Bxf3+ 25. Bxf3 gxf3 26. Nxf3 e4 27. Nfd4 Nb4 28. Qe2 Nd3 29. Rf1 a6 30. Be3 Qd7 31. c5 Kb8 32. c6 bxc6 33. Na5 Rc8 34. Qc2 Bc5 35. Qc4 Bxd4 36. Bxd4 Rhd8 37. Bb6 Re8 38. Qxa6 e3 39. Ba7+ Kc7 40. Bb6+ Kb8 1/2-1/2

[Event "DEN-ch G7 Gr-2"]
[Site "Svendborg"]
[Date "2022.04.18"]
[Round "7"]
[White "Christensen, Adam Stanczyk"]
[Black "Pedersen, Kim Michael"]
[Result "1/2-1/2"]
[WhiteElo "1366"]
[BlackElo "1742"]
[PlyCount "64"]
[EventDate "2022.04.12"]
[EventType "swiss"]
[EventRounds "7"]
[EventCountry "DEN"]
[SourceTitle "EXT 2024"]
[Source "ChessBase"]
[SourceDate "2023.10.10"]
[SourceVersion "1"]
[SourceVersionDate "2023.10.10"]
[SourceQuality "1"]

1. e4 d6 2. d4 Nf6 3. Nc3 Nbd7 4. Nf3 e5 5. dxe5 dxe5 6. Bc4 Be7 7. Be3 c6 8. 0-0 b5 9. Bb3 Qc7 10. Ng5 0-0 11. a4 b4 12. Ne2 h6 13. Nxf7 Rxf7 14. Bxf7+ Kxf7 15. Ng3 Nc5 16. f4 Bg4 17. Qe1 Kg8 18. Qxb4 Rb8 19. Qc3 Ncd7 20. Kh1 Be6 21. b3 Bb4 22. Qb2 Ng4 23. Bg1 exf4 24. Nh5 Ndf6 25. Nxf4 Bf7 26. h3 Bd6 27. Ne2 Ne5 28. Qd4 Re8 29. Qxa7 Nxe4 30. Qxc7 Bxc7 31. Bh2 Bb6 32. Bg1 Bc7 1/2-1/2

[Event "DEN-ch G7 Gr-2"]
[Site "Svendborg"]
[Date "2022.04.15"]
[Round "4"]
[White "Kristiansen, Peter"]
[Black "Pedersen, Kim Michael"]
[Result "1/2-1/2"]
[WhiteElo "1608"]
[BlackElo "1742"]
[PlyCount "59"]
[EventDate "2022.04.12"]
[EventType "swiss"]
[EventRounds "7"]
[EventCountry "DEN"]
[SourceTitle "EXT 2024"]
[Source "ChessBase"]
[SourceDate "2023.10.10"]
[SourceVersion "1"]
[SourceVersionDate "2023.10.10"]
[SourceQuality "1"]

1. b3 d5 2. e3 Bf5 3. Bb2 Nf6 4. Nf3 Nbd7 5. Be2 e6 6. 0-0 Bd6 7. d3 Bg6 8. Nbd2 c6 9. h3 Qe7 10. a3 e5 11. Nh2 0-0 12. Ng4 Nxg4 13. Bxg4 f5 14. Bh5 Qg5 15. Bxg6 Qxg6 16. f4 Rae8 17. d4 e4 18. Kh1 Nf6 19. Qe1 Be7 20. a4 Nh5 21. Kh2 Nf6 22. Ba3 Qh6 23. Bxe7 Rxe7 24. g3 Ne8 25. Rf2 g5 26. fxg5 Qxg5 27. Rf4 Kh8 28. Qf2 Nd6 29. Rg1 Ref7 30. Nf1 1/2-1/2

[Event "Amager AMSF Gr3"]
[Site "Amager"]
[Date "2016.09.13"]
[Round "4"]
[White "Petersen, Christian"]
[Black "Pedersen, Kim Michael"]
[Result "1-0"]
[WhiteElo "1616"]
[BlackElo "1643"]
[PlyCount "59"]
[EventDate "2016.08.16"]
[EventType "tourn"]
[EventRounds "7"]
[EventCountry "DEN"]
[SourceTitle "EXT 2023"]
[Source "ChessBase"]
[SourceDate "2022.10.05"]
[SourceVersion "1"]
[SourceVersionDate "2022.10.05"]
[SourceQuality "1"]

1. e4 c6 2. d4 d5 3. e5 Bf5 4. h4 e6 5. g4 Be4 6. f3 Be7 7. h5 Bh4+ 8. Ke2 h6 9. fxe4 Bg5 10. c3 dxe4 11. Nd2 Qd5 12. Qb3 Qd7 13. Nxe4 Be7 14. Nf3 Na6 15. Be3 b5 16. Kd2 Nc7 17. a4 a6 18. Bd3 f5 19. gxf5 exf5 20. Ng3 f4 21. Bxf4 Qg4 22. Ke3 Nd5+ 23. Qxd5 Qxf4+ 24. Kxf4 cxd5 25. axb5 a5 26. Nf5 Kf7 27. Ne3 Bg5+ 28. Nxg5+ hxg5+ 29. Kxg5 Ne7 30. Nf5 1-0

[Event "Helsingor Xtracon op"]
[Site "Helsingor"]
[Date "2016.07.23"]
[Round "1"]
[White "Pedersen, Kim Michael"]
[Black "Rossen, Claus"]
[Result "0-1"]
[WhiteElo "1745"]
[BlackElo "2199"]
[PlyCount "82"]
[EventDate "2016.07.23"]
[EventType "swiss"]
[EventRounds "10"]
[EventCountry "DEN"]
[SourceTitle "CBM 173 Extra"]
[Source "ChessBase"]
[SourceDate "2016.08.29"]
[SourceVersion "1"]
[SourceVersionDate "2016.08.29"]
[SourceQuality "1"]

1. d4 Nf6 2. Bf4 d6 3. e3 c5 4. c3 Qb6 5. Qb3 Qxb3 6. axb3 Nc6 7. h3 e5 8. dxe5 dxe5 9. Bh2 Be6 10. Bb5 Nd7 11. Nd2 f6 12. Ne2 g5 13. f4 gxf4 14. exf4 Rg8 15. g4 Be7 16. f5 Bd5 17. Rg1 a6 18. c4 Bf7 19. Bxc6 bxc6 20. Ng3 a5 21. Nge4 h5 22. Rg3 hxg4 23. hxg4 Nb6 24. Bg1 a4 25. Bxc5 Bxc5 26. Nxc5 Rh8 27. Kf2 Rh2+ 28. Rg2 Rxg2+ 29. Kxg2 axb3 30. Rxa8+ Nxa8 31. Nce4 Ke7 32. Kf2 Nb6 33. Ke3 Nxc4+ 34. Nxc4 Bxc4 35. Kd2 Bd5 36. Nf2 Kd6 37. Kc3 c5 38. Nd1 e4 39. Ne3 Ke5 40. g5 fxg5 41. f6 Be6 0-1

[Event "Amager-ch"]
[Site "Amager"]
[Date "2015.10.20"]
[Round "7"]
[White "Pedersen, Kim Michael"]
[Black "Larsen, Hans Haagen"]
[Result "1-0"]
[WhiteElo "1695"]
[BlackElo "1606"]
[PlyCount "102"]
[EventDate "2015.08.18"]
[EventType "swiss"]
[EventRounds "7"]
[EventCountry "DEN"]
[SourceTitle "EXT 2023"]
[Source "ChessBase"]
[SourceDate "2022.10.05"]
[SourceVersion "1"]
[SourceVersionDate "2022.10.05"]
[SourceQuality "1"]

1. e4 e6 2. d4 d5 3. e5 c5 4. c3 Nd7 5. Nf3 Ne7 6. Bd3 Nc6 7. a3 Qb6 8. Be2 Be7 9. 0-0 f5 10. b4 c4 11. Bg5 Nf8 12. a4 a6 13. Na3 Ng6 14. Bxe7 Ncxe7 15. a5 Qd8 16. Qd2 f4 17. Ng5 Nf5 18. Nh3 Qh4 19. Nc2 0-0 20. Ne1 Qh6 21. Nf3 Nfh4 22. Nhg5 Rf5 23. Nxh4 Nxh4 24. Nf3 Ng6 25. h3 Bd7 26. Nh2 Qg5 27. Bg4 Rf7 28. Rfb1 h5 29. Bf3 Nh4 30. Qe2 Rf5 31. Kh1 Kh8 32. Rg1 Qh6 33. g3 fxg3 34. Rxg3 Raf8 35. Rag1 g6 36. Rf1 Be8 37. Qe3 g5 38. Rfg1 Rg8 39. Be2 Rg7 40. Nf3 Nxf3 41. Bxf3 Kh7 42. R1g2 Rgf7 43. Bd1 Rg7 44. Bc2 h4 45. Rxg5 Rgxg5 46. Qxg5 Qxg5 47. Rxg5 Bg6 48. Bxf5 exf5 49. f4 Kg7 50. Kg2 Kf7 51. e6+ Kf6 1-0

[Event "Amager-ch"]
[Site "Amager"]
[Date "2015.09.08"]
[Round "4"]
[White "Pedersen, Kim Michael"]
[Black "Rasmussen, Hans Glavind"]
[Result "1-0"]
[WhiteElo "1695"]
[BlackElo "1471"]
[PlyCount "59"]
[EventDate "2015.08.18"]
[EventType "swiss"]
[EventRounds "7"]
[EventCountry "DEN"]
[SourceTitle "EXT 2023"]
[Source "ChessBase"]
[SourceDate "2022.10.05"]
[SourceVersion "1"]
[SourceVersionDate "2022.10.05"]
[SourceQuality "1"]

1. d4 d5 2. Nf3 Nf6 3. Bf4 e6 4. e3 c5 5. c3 Nc6 6. Nbd2 cxd4 7. exd4 Bd6 8. Ne5 0-0 9. Bd3 Ne7 10. h4 Ng6 11. Bg3 Qc7 12. Qe2 h5 13. Rh3 Bxe5 14. Bxg6 fxg6 15. Bxe5 Qa5 16. f3 Bd7 17. Rg3 Bb5 18. Qe3 Kh7 19. Nb3 Qd8 20. Nc5 Qe7 21. Qg5 Be8 22. 0-0-0 b6 23. Nd3 Ng8 24. Qe3 Qxh4 25. Rh3 Qe7 26. g4 h4 27. g5 Nf6 28. gxf6 gxf6 29. Rxh4+ Kg7 30. Qh6+ 1-0

[Event "Politiken Cup 37th"]
[Site "Helsingor"]
[Date "2015.07.30"]
[Round "7"]
[White "Rasmussen, Lars Garne"]
[Black "Pedersen, Kim Michael"]
[Result "1/2-1/2"]
[WhiteElo "1953"]
[BlackElo "1764"]
[PlyCount "44"]
[EventDate "2015.07.25"]
[EventType "swiss"]
[EventRounds "10"]
[EventCountry "DEN"]
[SourceTitle "CBM 167 Extra"]
[Source "ChessBase"]
[SourceDate "2015.09.14"]
[SourceVersion "1"]
[SourceVersionDate "2015.09.14"]
[SourceQuality "1"]

1. e4 e5 2. Nf3 Nf6 3. Nxe5 d6 4. Nf3 Nxe4 5. d4 d5 6. Bd3 Bg4 7. 0-0 Bd6 8. c4 c6 9. Re1 f5 10. h3 Bh5 11. Qb3 0-0 12. cxd5 Kh8 13. dxc6 Nxc6 14. d5 Bxf3 15. gxf3 Nd4 16. Qd1 Nxf2 17. Kxf2 Qh4+ 18. Kg2 Qg3+ 19. Kf1 Qxh3+ 20. Kf2 Qg3+ 21. Kf1 Qh3+ 22. Kf2 Qg3+ 1/2-1/2

[Event "Politiken Cup 37th"]
[Site "Helsingor"]
[Date "2015.07.26"]
[Round "3"]
[White "Mehringer, Joerg"]
[Black "Pedersen, Kim Michael"]
[Result "1/2-1/2"]
[WhiteElo "1991"]
[BlackElo "1764"]
[PlyCount "42"]
[EventDate "2015.07.25"]
[EventType "swiss"]
[EventRounds "10"]
[EventCountry "DEN"]
[SourceTitle "CBM 167 Extra"]
[Source "ChessBase"]
[SourceDate "2015.09.14"]
[SourceVersion "1"]
[SourceVersionDate "2015.09.14"]
[SourceQuality "1"]

1. e4 e5 2. Nf3 Nf6 3. Nxe5 d6 4. Nc4 Nxe4 5. d3 Nf6 6. Be2 Be7 7. 0-0 0-0 8. Nc3 d5 9. Ne5 d4 10. Ne4 Nxe4 11. dxe4 Bf6 12. Ng4 Bxg4 13. Bxg4 c5 14. f4 Be7 15. Qf3 Nc6 16. Bd2 c4 17. b3 c3 18. Be1 Ba3 19. Rd1 Qb6 20. Kf2 Rad8 21. Rd3 Bc5 1/2-1/2

[Event "Amager-ch B"]
[Site "Amager"]
[Date "2014.10.21"]
[Round "7"]
[White "Pedersen, Kim Michael"]
[Black "Petersen, Christian"]
[Result "1-0"]
[WhiteElo "1640"]
[BlackElo "1520"]
[PlyCount "63"]
[EventDate "2014.08.19"]
[EventType "tourn"]
[EventRounds "7"]
[EventCountry "DEN"]
[SourceTitle "EXT 2023"]
[Source "ChessBase"]
[SourceDate "2022.10.05"]
[SourceVersion "1"]
[SourceVersionDate "2022.10.05"]
[SourceQuality "1"]

1. d4 e6 2. Nf3 d5 3. Bf4 Nf6 4. e3 c5 5. c3 Nc6 6. Nbd2 Be7 7. Bd3 0-0 8. Ne5 Bd6 9. h4 Qc7 10. Ndf3 h6 11. g4 cxd4 12. exd4 Nxg4 13. Rg1 Ngxe5 14. Bxh6 Nxd3+ 15. Qxd3 g6 16. Rxg6+ fxg6 17. Qxg6+ Kh8 18. Bxf8 Bxf8 19. Ng5 Nd8 20. Qh5+ Kg8 21. 0-0-0 Qg7 22. Rg1 Qh6 23. Qe8 Nc6 24. f4 Qg7 25. Nf3 Qxg1+ 26. Nxg1 Ne7 27. Nf3 Nf5 28. Ng5 Nd6 29. Qg6+ Bg7 30. h5 Nf5 31. Qe8+ Bf8 32. Qf7+ 1-0

[Event "Amager-ch B"]
[Site "Amager"]
[Date "2014.09.30"]
[Round "6"]
[White "Lundborg, Jakob"]
[Black "Pedersen, Kim Michael"]
[Result "0-1"]
[WhiteElo "1656"]
[BlackElo "1640"]
[PlyCount "52"]
[EventDate "2014.08.19"]
[EventType "tourn"]
[EventRounds "7"]
[EventCountry "DEN"]
[SourceTitle "EXT 2023"]
[Source "ChessBase"]
[SourceDate "2022.10.05"]
[SourceVersion "1"]
[SourceVersionDate "2022.10.05"]
[SourceQuality "1"]

1. d4 d5 2. c4 e5 3. dxe5 d4 4. g3 Nc6 5. Nf3 Be6 6. Qc2 Qd7 7. Bg2 Bc5 8. 0-0 Nge7 9. a3 a5 10. Nbd2 Bh3 11. Ne4 Ba7 12. Rd1 Bxg2 13. Kxg2 h5 14. h4 Ng6 15. c5 0-0-0 16. Bg5 Rde8 17. b4 Ncxe5 18. Rxd4 Qe6 19. Nxe5 Nxe5 20. Rad1 Nc6 21. Rc4 f5 22. Nc3 Qxc4 23. Qxf5+ Kb8 24. Nd5 Qxe2 25. Nc3 Qe6 26. Rd8+ Nxd8 0-1

[Event "Amager-ch B"]
[Site "Amager"]
[Date "2014.09.23"]
[Round "5"]
[White "Pedersen, Kim Michael"]
[Black "Nielsen, Angelo"]
[Result "1/2-1/2"]
[WhiteElo "1640"]
[BlackElo "1566"]
[PlyCount "102"]
[EventDate "2014.08.19"]
[EventType "tourn"]
[EventRounds "7"]
[EventCountry "DEN"]
[SourceTitle "EXT 2023"]
[Source "ChessBase"]
[SourceDate "2022.10.05"]
[SourceVersion "1"]
[SourceVersionDate "2022.10.05"]
[SourceQuality "1"]

1. d4 Nf6 2. Nf3 d5 3. Bf4 e6 4. e3 c5 5. c3 Nc6 6. Nbd2 cxd4 7. exd4 Be7 8. Bd3 0-0 9. Qc2 Bd7 10. Ne5 h6 11. Ndf3 Rc8 12. g4 Nb4 13. Qd2 Nxd3+ 14. Qxd3 Ne4 15. Nd2 b5 16. Nxd7 Qxd7 17. Nxe4 dxe4 18. Qxe4 b4 19. Bd2 bxc3 20. Bxc3 f5 21. Qg2 fxg4 22. Qxg4 Bg5 23. 0-0 Rf4 24. Qe2 e5 25. dxe5 Rcf8 26. f3 Qc6 27. Bd2 Rxf3 28. Rxf3 Rxf3 29. Bxg5 hxg5 30. Rf1 Rxf1+ 31. Qxf1 Qc5+ 32. Qf2 Qxe5 33. b3 a5 34. Kg2 Qe4+ 35. Qf3 Qc2+ 36. Qf2 Qe4+ 37. Kg3 Qh4+ 38. Kg2 Qe4+ 39. Kh3 Qd3+ 40. Kg4 Qd7+ 41. Qf5 Qd1+ 42. Qf3 Qd7+ 43. Kxg5 Qd8+ 44. Kg4 Qd7+ 45. Kf4 Qd4+ 46. Kg3 Qd6+ 47. Qf4 Qd3+ 48. Kh4 Qd8+ 49. Qg5 Qd4+ 50. Kh5 Qd1+ 51. Qg4 Qd5+ 1/2-1/2